Fé pública mercantil: ensayo de aproximación a una teoría general
Guardat en:
| Autor principal: | |
|---|---|
| Format: | Llibre |
| Idioma: | espanyol |
| Publicat: |
Barcelona
José Bosch
1977
|
| Matèries: | |
| Etiquetes: |
Afegir etiqueta
Sense etiquetes, Sigues el primer a etiquetar aquest registre!
|
MARC
| LEADER | 00000nam a2200000 a 4500 | ||
|---|---|---|---|
| 001 | UCP1195 | ||
| 003 | CL-VaPUC | ||
| 008 | 990401e19770000SP |||||||||||||||||spa|d | ||
| 082 | 0 | 4 | |a 346.092 |b BAR |2 21 |
| 100 | 0 | |a Bartolomé Laborda, Rafael |e author |9 427112 | |
| 245 | 1 | 0 | |a Fé pública mercantil: ensayo de aproximación a una teoría general |
| 300 | |a 418 p | ||
| 942 | |c BK | ||
| 945 | |d 19990401 00:00:00 |a rbrito | ||
| 260 | |a Barcelona |b José Bosch |c 1977 | ||
| 650 | 0 | |a Derecho comercial |9 256340 | |
| 650 | 0 | |a Bolsa de valores |9 329250 | |
| 650 | 0 | |a Valores mobiliarios |9 427113 | |
| 650 | 0 | |a Títulos de valores |9 386684 | |
| 650 | 7 | |a OPERACIONES COMERCIALES |2 CL-VaPUC |9 337866 | |
| 650 | 7 | |a FE PUBLICA |2 CL-VaPUC |9 423451 | |
| 650 | 0 | |a Notarios |9 254869 | |
| 583 | |a last modification |c 19990401 00:00:00 |k Rodrigo Vera | ||
| 999 | |c 279902 |d 279900 | ||
| 952 | |0 0 |1 0 |4 0 |6 346_092000000000000_BAR_1977 |7 0 |8 A |9 319803 |a BIBDER |b BIBDER |d 2019-11-20 |i 3492079 |o 346.092 BAR 1977 |p 3492079 |r 2023-01-25 |w 2019-11-20 |y BK |k DER | ||